| 000 | 00767nam a2200205 i 4500 | ||
|---|---|---|---|
| 001 | 36734 | ||
| 003 | ES-MaACL | ||
| 005 | 20250730025310.0 | ||
| 007 | t| | ||
| 008 | 030219s1910 sp ||||1| spa d | ||
| 100 | 1 |
_aBravo y Moreno, Fernando. _931512 |
|
| 245 | 1 | 0 |
_aTubercolosis y accidentes de trabajo / _cpor Fernando Bravo y Moreno. |
| 260 |
_aBarcelona : _b[s.n.], _c1910 ( _fTip. de Eusebio Hidalgo) |
||
| 300 |
_a20 p. ; _c21 cm. |
||
| 500 | _aTrabajo presentado al Primer Congreso Español Internacional de la Tuberculosis. | ||
| 594 | _aPrecede al tit.: Primer Congreso Español Internacional de la Tuberculosis. Sección XIV... Barcelona... 1910. | ||
| 650 | 0 | 7 |
_aTuberculosis _2embne _917658 |
| 852 |
_aES-MaACL _jT-1213-F-5 |
||
| 999 |
_c36734 _d36734 |
||